000
00301nam a2200133Ia 4500
999
_c
6704
_d
6704
003
OSt
008
191201s2017 xx 000 0 und d
100
_a
GORDON, Geoffrey
245
0
_a
System Simulation
260
_a
N. delhi
_b
Pearson
_c
2017
300
_a
324
650
_a
B.Tech(CSE)
942
_2
ddc
_c
BK